UEFA National Champions 2023/2024 season - Statistics

General Stats
  • This quiz has been taken 28 times
    27 since last reset
  • The average score is 22 of 42
Answer Stats
Country Champion % Correct
Germany Bayer Leverkusen
100%
Italy Inter Milan
100%
England Manchester City
100%
France Paris Saint-Germain
100%
Netherlands PSV Eindhoven
100%
Spain Real Madrid
100%
Scotland Celtic
96%
Portugal Sporting CP
96%
Turkey Galatasaray
91%
Switzerland Young Boys
78%
Belgium Club Brugge
74%
Serbia Red Star Belgrade
74%
Greece PAOK
70%
Ukraine Shakhtar Donetsk
70%
Croatia Dinamo Zagreb
65%
Czechia Sparta Prague
65%
Israel Maccabi Tel Aviv
61%
Russia Zenit Saint Petersburg
61%
Cyprus APOEL
57%
Romania FCSB
52%
Azerbaijan Qarabağ
52%
Hungary Ferencváros
48%
Austria Sturm Graz
43%
Bulgaria Ludogorets Razgrad
39%
Slovakia Slovan Bratislava
39%
Poland Jagiellonia Białystok
30%
Denmark Midtjylland
30%
Bosnia and Herzegovina Borac Banja Luka
26%
Slovenia Celje
26%
Wales The New Saints
26%
Luxembourg Differdange 03
22%
Albania Egnatia
22%
Gibraltar Lincoln Red Imps
22%
Kosovo Ballkani
17%
Montenegro Dečić
17%
Northern Ireland Larne
17%
Armenia Pyunik
17%
North Macedonia Struga
17%
Malta Ħamrun Spartans
13%
Moldova Petroclub Hîncești
13%
Andorra UE Santa Coloma
13%
San Marino Virtus
13%
No matching quizzes found
Score Distribution
Percent of People with Each Score
Percentile by Number Answered
Your Score History
You have not taken this quiz since the last reset